2 Steps from Dangle Quiz Stats

 Plays Quiz Updated Feb 25, 2015

Challenge
Share
Tweet
Embed
Score 0/22 Timer 04:00
0 Plays Today
Clue Answer % Correct
A tune for marketingJINGLE
95.3%
UnmarriedSINGLE
93.7%
A tropical thicketJUNGLE
93.3%
A bunch of geeseGAGGLE
93.3%
PerilDANGER
92.5%
Socially interact with guests at a partyMINGLE
92.5%
Move your tail back and forthWAGGLE
90.6%
Have a pins and needles feelingTINGLE
89.1%
Use a liquid to cleanse mouth and throatGARGLE
89.1%
Try to get a price down lowerHAGGLE
88.5%
River that starts in GermanyDANUBE
84%
Clue Answer % Correct
Impress or overpower with lightDAZZLE
81.8%
Famous baseballer MickeyMANTLE
77.5%
Nickname or a graspable leverHANDLE
76.8%
LankyGANGLY
74.7%
Involve yourself superficially with an activityDABBLE
73.4%
Botch or mess up somethingBUNGLE
70.8%
Delay or waste time idlyDAWDLE
70.6%
Mosquito-borne fever diseaseDENGUE
58.2%
Wicked light makerCANDLE
56.8%
Mark with spots or patchesDAPPLE
49.5%
Cause irritation or angerRANKLE
30.4%

You're not logged in!

Compare scores with friends on all Sporcle quizzes.
Join for Free
OR
Log In

You Might Also Like...

Show Comments

Extras

Top Quizzes Today


Score Distribution

Your Account Isn't Verified!

In order to create a playlist on Sporcle, you need to verify the email address you used during registration. Go to your Sporcle Settings to finish the process.

Report this User

Report this user for behavior that violates our Community Guidelines.

Details: